000 00297nam a22001217a 4500
008 170401b xxu||||| |||| 00| 0 eng d
041 _aeng
080 _a574
100 _a9
101 _aSHM
245 _aHUMAN SETTLEMENTS AND PLANNING FOR ECOLOGICAL SUSTAINABILITY
_cPEZZOLI, K
942 _2udc
_cBK
999 _c9426
_d9426